Normal view MARC view

Entry Topical Term

Number of records used in: 1

001 - CONTROL NUMBER

  • control field: 57022

003 - CONTROL NUMBER IDENTIFIER

  • control field: OSt

005 - DATE AND TIME OF LATEST TRANSACTION

  • control field: 20220910093634.0

008 - FIXED-LENGTH DATA ELEMENTS

  • fixed length control field: 220910|| aca||aabn | a|a d

040 ## - CATALOGING SOURCE

  • Original cataloging agency: OSt
  • Transcribing agency: OSt

150 ## - HEADING--TOPICAL TERM

  • Topical term or geographic name entry element: Indian English Literature

670 ## - SOURCE DATA FOUND

  • Source citation: Work cat.: (OSt): NAIR (M T Vasudevan) 57019, Writings of M T Vasudevan Nair:, 2018